008240000a22001810004500090001700000245027000017651006900287653006900356690001800425690002300443041001400466044001300480700003500493100004200528942001300570773004200583999001700625 aASbSeriadas10aValoración de poblaciones de la palma de tagua o marefil vegetal (Phytelephas seemannii o. f Cook) en la reserva forestal protectora de los ríos San Cipriano - Escalerete, Buenaventura Valle, una propuesta de investigación participativa con la comunidad local 4dChocó y Valle del CaucalReserva Forestal de Escalerete992749 fArecaceaeePhytelephas seemanniivPalma de taguaxMarfil vegetal aPalmas992981 aValoración913250 aEspañol aColombia1 aZuleta Ospina, Jesús91003781 aMoreno Bañol, Mario Alberto9100379 cARTICULO1 tCespedesiamDic.h79q83-98d2002g25 c16217d16217